Problems and solutions in general physics for science and engineering students /

Bibliographic Details
Main Author: MacDonald, Simon G. G.
Format: Book
Language:English
Published: Reading, Mass. : Addison-Wesley Pub. Co., [1967]
Series:Addison-Wesley series in physics.
Subjects:

MARC

Tag First Indicator Second Indicator Subfields
LEADER 00000cam a22000001 4500
001 in00000051357
005 20151007070005.0
008 740608s1967 maua 00010 eng
010 |a  67019429  
035 |a (OCoLC)00498209 
035 |9 AAE3107AM 
040 |a DLC  |c DLC  |d TXA  |d UtOrBLW 
049 |a TXAM  |c [475568] 
050 0 0 |a QC32  |b .M17 
082 0 |a 530/.076 
092 |a 530.076  |b M135p, 1967 
100 1 |a MacDonald, Simon G. G. 
245 1 0 |a Problems and solutions in general physics for science and engineering students /  |c [by] Simon G. G. MacDonald. 
264 1 |a Reading, Mass. :  |b Addison-Wesley Pub. Co.,  |c [1967] 
300 |a 276 pages :  |b illustrations ;  |c 29 cm. 
336 |a text  |b txt  |2 rdacontent 
337 |a unmediated  |b n  |2 rdamedia 
338 |a volume  |b nc  |2 rdacarrier 
490 1 |a Addison-Wesley series in physics 
650 0 |a Physics  |v Problems, exercises, etc. 
830 0 |a Addison-Wesley series in physics. 
999 |a MARS 
999 f f |s 194fe1db-9bb1-36d6-bb05-9e1865de0486  |i ae18ffdb-c4e9-31f2-a0c1-faa394bf93b2  |t 0 
952 f f |p normal  |a Texas A&M University  |b College Station  |c Sterling C. Evans Library  |d Evans: Library Stacks  |t 0  |e QC32 .M17  |h Library of Congress classification  |i unmediated -- volume  |m A14800907437 
998 f f |a QC32 .M17  |t 0  |l Evans: Library Stacks